| 000 | 00610nam a2200169 4500 | ||
|---|---|---|---|
| 008 | 160502b xxu||||| |||| 00| 0 eng d | ||
| 020 | _a9789715064194 | ||
| 082 |
_22007 _aDFil 070.18 _bV71 |
||
| 100 |
_97266 _aVillasanta, Boy |
||
| 245 |
_aExpose: _bperyodismong pampelikula sa Pilipinas = movie reporting in the Philippines: _cBoy Villasanta. |
||
| 260 |
_aManila: _bUST Pub., _cc2007. |
||
| 300 |
_a408 pages: _billustrations; _c24 cm. |
||
| 500 | _aIncludes bibliographical references and index. | ||
| 546 | _aIn Tagalog. | ||
| 650 | 0 |
_97267 _aMotion picture journalism _zPhilippines |
|
| 942 |
_2ddc _cDFIL |
||
| 999 |
_c2221 _d2221 |
||